Entry Personal Name
Number of records used in: 2
001 - CONTROL NUMBER
003 - CONTROL NUMBER IDENTIFIER
005 - DATE AND TIME OF LATEST TRANSACTION
- control field:
20210818111521.0
008 - FIXED-LENGTH DATA ELEMENTS
- fixed length control field:
880922n| azannaab |n aaa
010 ## - LIBRARY OF CONGRESS CONTROL NUMBER
- LC control number:
n 88003281
040 ## - CATALOGING SOURCE
- Original cataloging agency:
DLC
- Language of cataloging:
eng
- Description conventions:
rda
- Transcribing agency:
DLC
- Modifying agency:
DLC
100 1# - HEADING--PERSONAL NAME
- Personal name:
Berk, Laura E.
670 ## - SOURCE DATA FOUND
- Source citation:
Her Child development, c1989:
- Information found:
CIP t.p. (Laura E. Berk, Ill. St. Univ.)